Влияние психологических настроений на эффективность проведения экономических реформ; Импульс-2010; Т. 1

Bibliographische Detailangaben
Parent link:Импульс-2010: труды VII Всероссийской (с международным участием) научно-практической конференции студентов, молодых ученых и предпринимателей в сфере экономики, менеджмента и инноваций, 25-26 ноября 2010 г., г.Томск/ Национальный исследовательский Томский политехнический университет (ТПУ), Институт инженерного предпринимательства (ИИП); под ред. А. А. Дульзона.— , 2010
Т. 1.— 2010.— [С. 275-278]
1. Verfasser: Кашапова Э. Р. Эльмира Рамисовна
Weitere Verfasser: Дукарт С. А. Сергей Александрович (научный руководитель)
Zusammenfassung:Заглавие с титульного листа.
Электронная версия печатной публикации.
Sprache:Russisch
Veröffentlicht: 2010
Schlagworte:
Online-Zugang:http://www.lib.tpu.ru/fulltext/c/2010/C25/V1/C25_V1.pdf#page=275
Format: MixedMaterials Elektronisch Buchkapitel
KOHA link:https://koha.lib.tpu.ru/cgi-bin/koha/opac-detail.pl?biblionumber=610396

MARC

LEADER 00000naa2a2200000 4500
001 610396
005 20260403090952.0
035 |a (RuTPU)RU\TPU\conf\8002 
090 |a 610396 
100 |a 20150122d2010 k y0rusy50 ca 
101 0 |a rus 
102 |a RU 
135 |a drnn ---uucaa 
181 0 |a i  
182 0 |a b 
200 1 |a Влияние психологических настроений на эффективность проведения экономических реформ  |f Э. Р. Кашапова  |g науч. рук. С. А. Дукарт 
203 |a Текст  |c электронный 
215 |a 1 файл (4,8 Мб) 
300 |a Заглавие с титульного листа. 
300 |a Электронная версия печатной публикации. 
337 |a Adobe Reader 
461 1 |0 (RuTPU)RU\TPU\conf\7996  |t Импульс-2010  |o труды VII Всероссийской (с международным участием) научно-практической конференции студентов, молодых ученых и предпринимателей в сфере экономики, менеджмента и инноваций, 25-26 ноября 2010 г., г.Томск  |o в 2 т.  |f Национальный исследовательский Томский политехнический университет (ТПУ), Институт инженерного предпринимательства (ИИП); под ред. А. А. Дульзона  |d 2010 
463 1 |0 (RuTPU)RU\TPU\conf\8000  |t Т. 1  |v [С. 275-278]  |d 2010 
610 1 |a электронный ресурс 
610 1 |a труды учёных ТПУ 
610 1 |a психологические процессы 
610 1 |a влияние 
610 1 |a экономические реформы 
610 1 |a общество 
610 1 |a настроение 
700 1 |a Кашапова  |b Э. Р.  |c экономист  |c cтарший преподаватель Томского политехнического университета  |f 1988-  |g Эльмира Рамисовна  |3 (RuTPU)RU\TPU\pers\28094  |9 13053 
702 1 |a Дукарт  |b С. А.  |c экономист  |c доцент Томского политехнического университета, кандидат исторических наук  |f 1970-  |g Сергей Александрович  |3 (RuTPU)RU\TPU\pers\27131  |4 727 
801 1 |a RU  |b 63413507  |c 20150122 
801 2 |a RU  |b 63413507  |c 20160124  |g RCR 
856 4 |u http://www.lib.tpu.ru/fulltext/c/2010/C25/V1/C25_V1.pdf#page=275 
942 |c BK